000 00491nam a2200169 a 4500
005 20210223121059.0
008 991125s1976 pyo 000 0 spa u
035 _aUPN01000011867
049 _aCG
050 4 _aDS935
_bC6.2
245 0 0 _aCorea debe ser reunificada de manera independiente.
260 _aPyongyang :
_bLenguas Extranjeras,
_c1976.
300 _a237 p.
651 4 _aCOREA (NORTE) -
_xHISTORIA
_97557
651 4 _aCOREA (NORTE) -
_xPOLITICA ECONOMICA
_97555
905 _aLibro
999 _c11867
_d11867